| 000 | 00809cam a2200229 4500 | ||
|---|---|---|---|
| 003 | OSt | ||
| 005 | 20150408113829.0 | ||
| 008 | S1987 0 a 0000 00ARA0d | ||
| 040 |
_amu _bara _cmb |
||
| 082 | _a001.6424 م ع ف | ||
| 100 |
_aمنصور، عوض _94329 |
||
| 245 | 1 | 0 |
_aفورتران 77 مع تطبيقات علميه وهندسيه / _cعوض منصور |
| 250 | _aط 7 | ||
| 260 | 0 | 1 |
_aعمان (الاردن) : _bدار الفرقان, _c1999 |
| 300 |
_a465 ص ؛ _c24 سم |
||
| 500 | _aمعجم كلمات : ص. 455-465. | ||
| 504 | _aببليوجرافية : ص. 454. | ||
| 650 | 0 |
_aالحاسبات الاليه _xلغات _94331 |
|
| 650 | 4 |
_aالحاسبات الاليه _xبرامج _94332 |
|
| 650 |
_aفورتران (لغة برمجة حاسوب) _94333 |
||
| 942 |
_2ddc _cBOOK |
||
| 999 |
_c8083 _d242583 |
||